UK investment transactions annual market report year ended December 2007 (Record no. 108099)

MARC details
000 -LEADER
fixed length control field 01318cad a22002295a 4500
001 - CONTROL NUMBER
control field L143190
008 - FIXED-LENGTH DATA ELEMENTS--GENERAL INFORMATION
fixed length control field 080415s2007 xxkad f s 000 0 eng d
035 ## - SYSTEM CONTROL NUMBER
System control number (Sirsi) u143190
041 0# - LANGUAGE CODE
Language code of text/sound track or separate title eng
050 04 - LIBRARY OF CONGRESS CALL NUMBER
Classification number 333.32 $2 18
110 2# - MAIN ENTRY--CORPORATE NAME
Corporate name or jurisdiction name as entry element Lambert Smith Hampton
9 (RLIN) 2865
245 00 - TITLE STATEMENT
Title UK investment transactions annual market report year ended December 2007
Medium [electronic resource]
260 ## - PUBLICATION, DISTRIBUTION, ETC.
Place of publication, distribution, etc. [S.l.]
Name of publisher, distributor, etc. Lambert Smith Hampton
Date of publication, distribution, etc. 2007
490 #0 - SERIES STATEMENT
Series statement Lambert Smith Hampton UK Investment Transactions Annual Market Report
Volume/sequential designation year ended December 2007
520 ## - SUMMARY, ETC.
Summary, etc. Reports that the value of investment transactions fell in 2007, down by 16% to £56 billion for 2007. This is the first time there has been a fall since the report began. However, the level of business for 2007 is still almost double the levels of four years ago. The All Property Transaction Yield Index rose slightly above 5%, whilst the 5-year £ swap rate fell sharply in 2007 to just over 5% from a high of over 6% at the beginning of the year.
590 ## - LOCAL NOTE (RLIN)
Local note KA NTK
650 24 - SUBJECT ADDED ENTRY--TOPICAL TERM
Topical term or geographic name entry element LAMBERT SMITH HAMPTON UK INVESTMENT TRANSACTIONS ANNUAL MARKET REPORT
651 #4 - SUBJECT ADDED ENTRY--GEOGRAPHIC NAME
Geographic name United Kingdom
Chronological subdivision
690 ## - LOCAL SUBJECT ADDED ENTRY--TOPICAL TERM (OCLC, RLIN)
Topical term or geographic name as entry element PROPERTY-COMMERCIAL PROPERTY-COMMERCIAL PROPERTY MARKET
856 40 - ELECTRONIC LOCATION AND ACCESS
Uniform Resource Identifier <a href="https://www.lsh.co.uk/">https://www.lsh.co.uk/</a>
Public note View the item free of charge at www.lsh.co.uk...
942 ## - ADDED ENTRY ELEMENTS (KOHA)
Suppress in OPAC 0
Holdings
Withdrawn status Lost status Source of classification or shelving scheme Damaged status Not for loan Home library Current library Shelving location Date acquired Total Checkouts Full call number Barcode Date last seen Copy number Price effective from Koha item type
    Dewey Decimal Classification     Virtual Virtual Online 15/04/2008   ONLINE PUBLICATION 143190-1001 06/08/2019 1 06/08/2019 Book